000 00330nam a22001457a 4500
008 210310b ||||| |||| 00| 0 eng d
020 _a07sr23746700
041 _aeng
080 _22nd
_a004
082 _a004
100 _a28
101 _aSHKI
245 _aPractical UNIX & Internet Security
_cO'Reilly,A
942 _2udc
_cBK
999 _c56218
_d56218